000
00293nam a22001337a 4500
003
SGT
020
_a
9789353386368
082
_a
370.72.KOU
100
_a
KOUL,LOKESH
245
_a
METHODOLOGY OF EDUCATIONAL RESEARCH
260
_a
NEW DELHI
_b
VIKASH
_c
2025
300
_a
529
942
_2
ddc
_c
BK
999
_c
34138
_d
34138